| 000 | 00687nam a2200193 a 4500 | ||
|---|---|---|---|
| 001 | 000048383 | ||
| 005 | 20201002061119.0 | ||
| 008 | 190218s2017 dr r 000 spa d | ||
| 020 | _a9789945585360 | ||
| 040 |
_aDO-SdBNP _bspa _cBNPHU |
||
| 082 |
_axxx _bR426n |
||
| 110 | 1 |
_aRepública Dominicana _bPoder Judicial. Centro de Documentación e Información Judicial Dominicano. _975795 |
|
| 240 | 1 | 0 | _a[Leyes, etc] |
| 245 | 0 |
_aNormativa de la jurisdicción inmobiliaria. / _cCompilacion de Flavia Villegas. |
|
| 260 |
_aSanto Domingo : _bPoder Judicial, _c2017. |
||
| 300 |
_a524 p. + CD ; _c24 cm. |
||
| 590 | _aInventariado, 2019 / DG | ||
| 700 |
_aVillegas, Flavia _eCompiladora _975085 |
||
| 999 |
_c47871 _d47871 |
||